Coke Flavors! Quiz Stats

 Plays Quiz not verified by Sporcle

Score 0/9 Timer 05:00
0 Plays Today
Flavors! Only Classic Coke! % Correct
Cola Black Cherry Vanilla
91.9%
Vanilla
79.4%
Cola Lemon Lime
65.9%
Cola
58.9%
Cola Lime
54%
Cola Lemon
51.3%
Cola Orange
40.8%
Cola Raspberry
23.4%
Cola Green Tea
8.5%

You're not logged in!

Compare scores with friends on all Sporcle quizzes.
OR
Log In

Show Comments

Extras

Top Quizzes Today


Score Distribution

Your Account Isn't Verified!

In order to create a playlist on Sporcle, you need to verify the email address you used during registration. Go to your Sporcle Settings to finish the process.

Report this User

Report this user for behavior that violates our Community Guidelines.

Details: